A history of Greek philosophy (Record no. 43648)
[ view plain ]
| 000 -LEADER | |
|---|---|
| fixed length control field | 00414nam a2200181Ia 4500 |
| 003 - CONTROL NUMBER IDENTIFIER | |
| control field | 0100 |
| 008 - FIXED-LENGTH DATA ELEMENTS--GENERAL INFORMATION | |
| fixed length control field | 130303s9999 xx 000 0 und d |
| 040 ## - CATALOGING SOURCE | |
| Transcribing agency | ARRUPELIB |
| 050 ## - LIBRARY OF CONGRESS CALL NUMBER | |
| Classification number | B171.G83 |
| 300 ## - PHYSICAL DESCRIPTION | |
| Other physical details | 539p. 23cm. |
| 100 ## - MAIN ENTRY--PERSONAL NAME | |
| Personal name | Guthrie, W. K. C |
| 245 #2 - TITLE STATEMENT | |
| Title | A history of Greek philosophy |
| 260 ## - PUBLICATION, DISTRIBUTION, ETC. (IMPRINT) | |
| Place of publication, distribution, etc | Cambridge |
| 260 ## - PUBLICATION, DISTRIBUTION, ETC. (IMPRINT) | |
| Name of publisher, distributor, etc | Cambridge University Press |
| 260 ## - PUBLICATION, DISTRIBUTION, ETC. (IMPRINT) | |
| -- | 1962 |
| 300 ## - PHYSICAL DESCRIPTION | |
| Extent | xv |
| 942 00 - ADDED ENTRY ELEMENTS (KOHA) | |
| Koha issues (borrowed), all copies | 26 |
| Withdrawn status | Lost status | Source of classification or shelving scheme | Damaged status | Not for loan | Collection code | Home library | Current library | Date acquired | Total Checkouts | Full call number | Barcode | Date last seen | Date checked out | Copy number | Price effective from | Koha item type | Shelving location |
|---|---|---|---|---|---|---|---|---|---|---|---|---|---|---|---|---|---|
| Library of Congress Classification | Main Collection | ARRUPE LIBRARY | ARRUPE LIBRARY | 04/03/2013 | 7 | B171.G83 | 46003088776 | 05/08/2016 | 05/08/2016 | 1 | 04/03/2013 | Monograph ( Printed materials) | |||||
| Library of Congress Classification | Main Collection | ARRUPE LIBRARY | ARRUPE LIBRARY | 04/03/2013 | 8 | B171.G83 | 46003094346 | 15/08/2016 | 04/09/2015 | 2 | 04/03/2013 | Monograph ( Printed materials) | |||||
| Library of Congress Classification | Main Collection | ARRUPE LIBRARY | ARRUPE LIBRARY | 04/03/2013 | 8 | B171.G83 | 46003005401 | 25/08/2016 | 12/08/2016 | 3 | 04/03/2013 | Monograph ( Printed materials) | |||||
| Library of Congress Classification | Main Collection | ARRUPE LIBRARY | ARRUPE LIBRARY | 04/03/2013 | 2 | B171.G83 | 46003091557 | 26/08/2016 | 12/08/2016 | 4 | 04/03/2013 | Monograph ( Printed materials) | |||||
| Library of Congress Classification | Main Collection | ARRUPE LIBRARY | ARRUPE LIBRARY | 04/03/2013 | 2 | B171.G83 | 46003005404 | 23/12/2025 | 03/09/2025 | 5 | 04/03/2013 | Monograph ( Printed materials) | |||||
| Library of Congress Classification | Main Collection | ARRUPE LIBRARY | ARRUPE LIBRARY | 04/03/2013 | 13 | B171.G83 | 46406507 | 23/12/2025 | 03/09/2025 | 6 | 04/03/2013 | Monograph ( Printed materials) | Main Collection | ||||
| Library of Congress Classification | ARRUPE LIBRARY | ARRUPE LIBRARY | 26/08/2014 | 1 | B171.G83 | 46402638 | 09/11/2015 | 23/10/2015 | 26/08/2014 | Monograph ( Printed materials) |